Higher or Lower - YouTube Subscribers - Quiz - Statistics

General Stats
  • This quiz has been taken 73 times
  • The average score is 14 of 25
Answer Stats
Hint Extra Hint Explanation Answer % Correct
PewDiePie Previous Channel - Mr Beast - 336 Million Subscribers Lower
91%
Mr Beast First Channel - T-Series - 280 Million Subscribers Higher
83%
Jake Paul Previous Channel - CaseyNeistat - 12.6 Million Subscribers Higher
77%
Logan Paul Previous Channel - Jake Paul - 20.9 Million Subscribers Higher
74%
CaseyNeistat Previous Channel - FORMULA 1 - 11.4 Million Subscribers Higher
70%
KSI Previous Channel - David Dobrik - 17.3 Million Subscribers Higher
70%
Like Nastya Previous Channel - Cocomelon - 186 Million Subscribers Lower
70%
Dude Perfect Previous Channel - Like Nastya - 123 Million Subscribers Lower
70%
Cocomelon Previous Channel - PewDiePie - 110 Million Subscribers Higher
68%
UR - Cristiano Previous Channel - Mark Rober - 60.5 Million Subscribers Higher
64%
DanTDM Previous Channel - Real Madrid - 16 Million Subscribers Higher
62%
Markiplier Previous Channel - LazarBeam - 22.6 Million Subscribers Markiplier has 37.1 Million Subscribers Higher
62%
Mark Rober Previous Channel - Dude Perfect - 60.6 Million Subscribers Lower
57%
jacksepticeye Previous Channel - DanTDM - 29.2 Million Subscribers Higher
55%
Real Madrid Previous Channel - Tommyinnit - 15 Million Subscribers Higher
53%
FORMULA 1 Previous Channel - Movieclips - 62.8 Million Subscribers Lower
53%
Movieclips Previous Channel - Taylor Swift - 60.4 Million Subscribers Higher
49%
Tommyinnit Previous Channel - Sidemen - 21.8 Million Subscribers Lower
49%
Justin Bieber Previous Channel - UR-Cristiano - 71.5 Million Subscribers Higher
45%
Preston (AKA PrestonPlayz) Previous Channel - jacksepticeye - 30.8 Million Subscribers Lower
45%
Sidemen Previous Channel - Ninja - 23.8 Million Subscribers Lower
38%
LazarBeam Previous Channel - Preston - 28.7 Million Subscribers Lower
36%
Taylor Swift Previous Channel - Justin Bieber - 74.4 Million Subscribers Lower
32%
Ninja Previous Channel - KSI - 24.8 Million Subscribers Lower
32%
David Dobrik Previous Channel - Logan Paul - 23.6 Million Subscribers Lower
26%
No matching quizzes found
Score Distribution
Percent of People with Each Score
Percentile by Number Answered
Your Score History
You have not taken this quiz